000 00413cam a2200145 4500500
005 20251012032456.0
041 _afre
042 _adc
100 1 0 _aAppel, Walter
_eauthor
245 0 0 _aLes nombres cachés
260 _c2001.
500 _a56
786 0 _nSigila | 7 | 1 | 2001-06-20 | p. 61-69 | 1286-1715
856 4 1 _uhttps://shs.cairn.info/revue-sigila-2001-1-page-61?lang=fr&redirect-ssocas=7080
999 _c1547389
_d1547389